00510nam a2200181Ia 4500008004100000020001000041040001900051041001200070082003300082245007000115260003100185300002700216504002600243650001400269651001400283700002100297850001000318131103s9999 xx 000 0 und d cRs.20 aLoreto College aEnglish a370/RUH;370/SORbLCLIB/26047 aSocial determinants of educability in Indiacedited by S.P.Ruhela aDelhibJain Brothersc1969 axxvii,267 p. c 10 cm. aIncludes bibliography aEducation aEducation aRuhela, S.P.,ed. aLCLIB